[Event "SLO-chT2 Ost"]
[Site "Slovenia"]
[Date "2021.10.02"]
[Round "6.1"]
[White "Keglevic, Andre"]
[Black "Jazbec, Hinko"]
[Result "1/2-1/2"]
[WhiteElo "1859"]
[BlackElo "1957"]
[PlyCount "74"]
[EventDate "2021.09.11"]
[EventType "team-tourn"]
[EventRounds "9"]
[EventCountry "SLO"]
[SourceTitle "EXT 2024"]
[Source "ChessBase"]
[SourceDate "2023.10.10"]
[SourceVersion "1"]
[SourceVersionDate "2023.10.10"]
[SourceQuality "1"]
[WhiteTeam "Pomgrad SD III"]
[BlackTeam "Trbovlje Rudar"]
[WhiteTeamCountry "SLO"]
[BlackTeamCountry "SLO"]

1. e4 e5 2. Nf3 d6 3. d4 Nf6 4. dxe5 Nxe4 5. Qd5 Nc5 6. Bg5 Be7 7. exd6 Qxd6 8. Nc3 Ne6 9. Qxd6 Bxd6 10. Nb5 Bc5 11. Bc4 Bd7 12. 0-0 0-0 13. Rad1 a6 14. Nc3 Nxg5 15. Nxg5 Bg4 16. Rd5 Be7 17. Rd4 Bh5 18. Nge4 Nc6 19. Rd2 Rad8 20. Nd5 Bg6 21. Nxe7+ Nxe7 22. Rxd8 Rxd8 23. Nc5 b5 24. Bd3 Rd6 25. Re1 Kf8 26. Bxg6 hxg6 27. Ne4 Re6 28. Kf1 Nf5 29. Nc5 Rd6 30. c3 Ne7 31. a4 Rd2 32. Nxa6 bxa4 33. Nxc7 Rxb2 34. Ra1 Rb7 35. Na6 Nd5 36. Nc5 Rc7 37. Nxa4 Nxc3 1/2-1/2

[Event "SLO-chT2 Ost"]
[Site "Slovenia"]
[Date "2021.09.25"]
[Round "5.1"]
[White "Povse, Martin"]
[Black "Keglevic, Andre"]
[Result "1/2-1/2"]
[WhiteElo "1979"]
[BlackElo "1859"]
[PlyCount "80"]
[EventDate "2021.09.11"]
[EventType "team-tourn"]
[EventRounds "9"]
[EventCountry "SLO"]
[SourceTitle "EXT 2024"]
[Source "ChessBase"]
[SourceDate "2023.10.10"]
[SourceVersion "1"]
[SourceVersionDate "2023.10.10"]
[SourceQuality "1"]
[WhiteTeam "Milan Majcen Sevnica"]
[BlackTeam "Pomgrad SD III"]
[WhiteTeamCountry "SLO"]
[BlackTeamCountry "SLO"]

1. e4 d5 2. exd5 Qxd5 3. Nc3 Qd6 4. Nf3 c6 5. g3 Bf5 6. d3 Nf6 7. Bg2 e6 8. Bf4 Qd8 9. 0-0 Be7 10. Re1 0-0 11. h3 Nd5 12. Nxd5 cxd5 13. g4 Bg6 14. Ne5 Nc6 15. Nxg6 hxg6 16. c3 Rc8 17. b4 Bf6 18. d4 Bg5 19. Qd2 Bxf4 20. Qxf4 b6 21. Rac1 Nb8 22. Re3 Na6 23. a3 Nc7 24. Bf1 Ne8 25. h4 Nd6 26. Rh3 Ne4 27. Bg2 Qf6 28. Qe3 Nd6 29. Bf1 Nc4 30. Qg3 e5 31. g5 Qf4 32. Qxf4 exf4 33. Bxc4 Rxc4 34. Rd1 Re8 35. Kf1 Re4 36. Rf3 f5 37. Rb1 Kf7 38. a4 a6 39. Rb2 Rc8 40. a5 b5 1/2-1/2

[Event "SLO-chT2 Ost"]
[Site "Slovenia"]
[Date "2021.09.18"]
[Round "2.1"]
[White "Keglevic, Andre"]
[Black "Urbanc, Ana"]
[Result "1/2-1/2"]
[WhiteElo "1859"]
[BlackElo "1879"]
[PlyCount "86"]
[EventDate "2021.09.11"]
[EventType "team-tourn"]
[EventRounds "9"]
[EventCountry "SLO"]
[SourceTitle "EXT 2024"]
[Source "ChessBase"]
[SourceDate "2023.10.10"]
[SourceVersion "1"]
[SourceVersionDate "2023.10.10"]
[SourceQuality "1"]
[WhiteTeam "Pomgrad SD III"]
[BlackTeam "Krsko Triglav II"]
[WhiteTeamCountry "SLO"]
[BlackTeamCountry "SLO"]

1. e4 e5 2. Nf3 Nf6 3. Nxe5 Nxe4 4. Qe2 Qe7 5. Qxe4 d6 6. d4 dxe5 7. Qxe5 Qxe5+ 8. dxe5 Bf5 9. c3 Nd7 10. Bf4 0-0-0 11. Bc4 Nxe5 12. Bxe5 Re8 13. 0-0 Rxe5 14. Nd2 f6 15. Nf3 Re8 16. Nd4 Bd7 17. Rfe1 Bd6 18. Bf7 Rxe1+ 19. Rxe1 Rf8 20. Bc4 g6 21. h3 a6 22. Kf1 b5 23. Bd5 c5 24. Nf3 Kc7 25. Nd2 Bc6 26. Bxc6 Kxc6 27. Nf3 a5 28. Ke2 Re8+ 29. Kd1 Rxe1+ 30. Nxe1 Kd5 31. Ke2 b4 32. cxb4 axb4 33. Nc2 c4 34. b3 Bc5 35. f3 h5 36. Kd2 h4 37. Ke2 c3 38. Ne1 Kd4 39. Nc2+ Ke5 40. Ne1 Be7 41. Ke3 Bc5+ 42. Ke2 Kd4 43. Nc2+ Kd5 1/2-1/2

[Event "SLO-ch 29th"]
[Site "Radenci"]
[Date "2019.05.02"]
[Round "7"]
[White "Centrih, Aleks"]
[Black "Keglevic, Andre"]
[Result "0-1"]
[WhiteElo "1642"]
[BlackElo "1842"]
[PlyCount "134"]
[EventDate "2019.04.27"]
[EventType "swiss"]
[EventRounds "9"]
[EventCountry "SLO"]
[SourceTitle "CBM 190 Extra"]
[Source "ChessBase"]
[SourceDate "2019.07.15"]
[SourceVersion "1"]
[SourceVersionDate "2019.07.15"]
[SourceQuality "1"]

1. e4 d5 2. exd5 Qxd5 3. Nc3 Qd6 4. d4 Nf6 5. Nf3 c6 6. g3 Bf5 7. Bg2 e6 8. 0-0 Qc7 9. Nh4 Bg6 10. Nxg6 hxg6 11. Re1 Be7 12. Bf4 Qd8 13. Ne4 0-0 14. c3 Nd5 15. Bc1 Nd7 16. h4 N7f6 17. Qe2 Rc8 18. Ng5 Re8 19. Nf3 c5 20. Bg5 cxd4 21. Nxd4 Qb6 22. Nb3 a5 23. Rad1 a4 24. Nd4 Bc5 25. Nf3 Ng4 26. Nd4 Ndf6 27. Rf1 Rcd8 28. Bxf6 Nxf6 29. Bh3 Bxd4 30. cxd4 Rxd4 31. Rxd4 Qxd4 32. Qb5 Qd7 33. Qxd7 Nxd7 34. Rc1 Rb8 35. Bg2 Ne5 36. Rc5 Nd3 37. Rb5 b6 38. Be4 Nc5 39. Bc2 Kf8 40. b4 axb3 41. Bxb3 Nxb3 42. Rxb3 Ke7 43. Kf1 Kd6 44. Rc3 b5 45. a3 Ra8 46. Ke2 Kd5 47. Kd3 Ra4 48. Kc2 Rc4 49. Kb3 Rxc3+ 50. Kxc3 e5 51. Kb4 Kc6 52. Kb3 Kc5 53. Kc3 f5 54. Kb3 f4 55. gxf4 exf4 56. Kc3 f3 57. Kd3 Kd5 58. Kc3 Ke4 59. Kc2 Kd4 60. Kd2 Kc4 61. Kc2 g5 62. hxg5 g6 63. Kd2 Kb3 64. Ke3 Kxa3 65. Kxf3 b4 66. Ke3 b3 67. Kd2 Ka2 0-1

[Event "SLO-chT2 East"]
[Site "Slovenia"]
[Date "2017.12.09"]
[Round "8"]
[White "Keglevic, Andre"]
[Black "Spelec, Darko"]
[Result "1/2-1/2"]
[WhiteElo "1762"]
[BlackElo "1973"]
[PlyCount "70"]
[EventDate "2017.09.30"]
[EventType "team-tourn"]
[EventRounds "9"]
[EventCountry "SLO"]
[SourceTitle "EXT 2019"]
[Source "ChessBase"]
[SourceDate "2018.10.10"]
[SourceVersion "1"]
[SourceVersionDate "2018.10.10"]
[SourceQuality "1"]

1. d4 Nf6 2. c4 e6 3. Nf3 b6 4. e3 Bb7 5. Be2 Bb4+ 6. Bd2 a5 7. 0-0 0-0 8. Nc3 Bxc3 9. Bxc3 Ne4 10. Nd2 Nxc3 11. bxc3 d6 12. Bf3 Bxf3 13. Qxf3 Nd7 14. Rab1 Re8 15. Rb5 Nf8 16. Ne4 f5 17. Ng3 Ng6 18. c5 bxc5 19. dxc5 Ne5 20. Qe2 d5 21. Rfb1 Nc4 22. R1b3 a4 23. R3b4 Qf6 24. Qd3 Qf8 25. Qd4 Na3 26. Rb7 Nc2 27. Qe5 Nxb4 28. cxb4 c6 29. Nh5 Re7 30. Rb6 Qf7 31. Nf4 Qf6 32. Nd3 Rc7 33. f4 Rcc8 34. a3 h6 35. g3 Ra7 1/2-1/2

[Event "SLO-chT2 East"]
[Site "Slovenia"]
[Date "2016.10.01"]
[Round "3"]
[White "Keglevic, Andre"]
[Black "Urbanc, Suzana"]
[Result "1-0"]
[WhiteElo "1716"]
[BlackElo "1636"]
[PlyCount "105"]
[EventDate "2016.09.24"]
[EventType "team-tourn"]
[EventRounds "9"]
[EventCountry "SLO"]
[SourceTitle "EXT 2019"]
[Source "ChessBase"]
[SourceDate "2018.10.10"]
[SourceVersion "1"]
[SourceVersionDate "2018.10.10"]
[SourceQuality "1"]
[WhiteTeam "Gornja Radgona"]
[BlackTeam "Krsko Triglav II"]
[WhiteTeamCountry "SLO"]
[BlackTeamCountry "SLO"]

1. d4 f5 2. c4 Nf6 3. Nc3 e6 4. Nf3 c6 5. e3 d5 6. Bd3 Bd6 7. 0-0 0-0 8. Ne5 Nbd7 9. f4 Ne4 10. cxd5 exd5 11. Bxe4 fxe4 12. Nxd7 Bxd7 13. Qb3 b6 14. Nxe4 Bc7 15. Ng5 h6 16. Nf3 Bf5 17. Bd2 Be4 18. Rac1 Rf6 19. Qa4 Qd7 20. Be1 Rg6 21. Bg3 b5 22. Qb3 a5 23. a3 a4 24. Qc3 Ra6 25. Ne5 Bxe5 26. fxe5 h5 27. Rf4 Ra8 28. Rcf1 Qe7 29. R1f2 Rc8 30. Bh4 Qe6 31. Qc5 Kh7 32. Qe7 Qh3 33. Bg3 Rxg3 34. hxg3 Qxg3 35. Qd7 Rh8 36. Qh3 Qg5 37. Qh4 Qxh4 38. Rxh4 Kg6 39. g4 Kg5 40. Rxh5+ Rxh5 41. gxh5 Kxh5 42. Rf7 g5 43. Rf6 g4 44. Rxc6 g3 45. Rc5 Kg4 46. Rxb5 Kf3 47. e6 Kxe3 48. e7 Bg6 49. Rxd5 Ke4 50. e8Q+ Bxe8 51. Re5+ Kxd4 52. Rxe8 Kc4 53. Re3 1-0

[Event "SLO-chT2 East"]
[Site "Slovenia"]
[Date "2015.11.21"]
[Round "8"]
[White "Kolar, Branko"]
[Black "Keglevic, Andre"]
[Result "0-1"]
[WhiteElo "1831"]
[BlackElo "1658"]
[PlyCount "112"]
[EventDate "2015.09.05"]
[EventType "team-tourn"]
[EventRounds "9"]
[EventCountry "SLO"]
[SourceTitle "EXT 2019"]
[Source "ChessBase"]
[SourceDate "2018.10.10"]
[SourceVersion "1"]
[SourceVersionDate "2018.10.10"]
[SourceQuality "1"]
[WhiteTeam "Fram"]
[BlackTeam "Gornja Radgona"]
[WhiteTeamCountry "SLO"]
[BlackTeamCountry "SLO"]

1. d4 d5 2. Nf3 e6 3. c3 Nf6 4. Bg5 Be7 5. Nbd2 Nbd7 6. e3 0-0 7. Bd3 b6 8. 0-0 Bb7 9. Qc2 h6 10. Bh4 c5 11. Rfe1 Rc8 12. Rad1 Re8 13. Qb1 Qc7 14. Bg3 Bd6 15. Bxd6 Qxd6 16. e4 dxe4 17. Nxe4 Qe7 18. dxc5 Nxc5 19. Nd6 Bxf3 20. gxf3 Nd5 21. Bh7+ Kh8 22. Rxd5 Rcd8 23. Rxc5 Qxd6 24. Rce5 Qd2 25. Bc2 Qf4 26. Qc1 Qxf3 27. Qe3 Qf6 28. Rh5 Rd6 29. Qe5 Qxe5 30. Rhxe5 Rd2 31. R1e2 Red8 32. Kg2 g6 33. Kf3 Kg7 34. Ke3 R2d6 35. Bb3 Rd3+ 36. Kf4 g5+ 37. Kg4 f5+ 38. Rxf5 exf5+ 39. Kxf5 Rf3+ 40. Kg4 Rf4+ 41. Kg3 Rd3+ 42. Re3 Rxe3+ 43. fxe3 Rf1 44. Bd5 Rb1 45. b4 Kf6 46. h4 gxh4+ 47. Kxh4 Ke5 48. Bc6 Rc1 49. Kh5 Rxc3 50. b5 Rxe3 51. Kxh6 Ra3 52. Kg7 Rxa2 53. Kf7 Kd6 54. Ke8 Rh2 55. Bf3 Kc5 56. Bc6 Rb2 0-1

[Event "SLO-chT2 East"]
[Site "Slovenia"]
[Date "2015.10.10"]
[Round "5"]
[White "Kontler, Sasa"]
[Black "Keglevic, Andre"]
[Result "1/2-1/2"]
[WhiteElo "1811"]
[BlackElo "1658"]
[PlyCount "120"]
[EventDate "2015.09.05"]
[EventType "team-tourn"]
[EventRounds "9"]
[EventCountry "SLO"]
[SourceTitle "EXT 2019"]
[Source "ChessBase"]
[SourceDate "2018.10.10"]
[SourceVersion "1"]
[SourceVersionDate "2018.10.10"]
[SourceQuality "1"]
[WhiteTeam "Malecnik"]
[BlackTeam "Gornja Radgona"]
[WhiteTeamCountry "SLO"]
[BlackTeamCountry "SLO"]

1. Nf3 Nf6 2. c4 e6 3. d4 d5 4. e3 c6 5. Bd3 Bd6 6. b3 Nbd7 7. Bb2 b6 8. Nbd2 Bb7 9. 0-0 0-0 10. Re1 c5 11. e4 dxe4 12. Nxe4 Be7 13. Qc2 Nxe4 14. Bxe4 Bxe4 15. Qxe4 Bf6 16. Rad1 Qc7 17. Ba1 cxd4 18. Bxd4 Bxd4 19. Rxd4 Nc5 20. Qe3 Rad8 21. Red1 Nb7 22. h3 Rxd4 23. Rxd4 Rd8 24. Rxd8+ Qxd8 25. Qd4 Qxd4 26. Nxd4 Nd8 27. Kf1 Kf8 28. Ke2 Ke7 29. a3 a6 30. Kd3 Kd6 31. b4 Nb7 32. Ne2 Nd8 33. Nc3 f5 34. Na4 Kc6 35. Kd4 Nf7 36. f4 g5 37. g3 gxf4 38. gxf4 Nh8 39. Nc3 Ng6 40. Ne2 Kd6 41. c5+ bxc5+ 42. bxc5+ Kc6 43. Kc4 e5 44. fxe5 Nxe5+ 45. Kd4 Nd7 46. h4 Nxc5 47. Ke5 Kb5 48. h5 Ka4 49. h6 Kxa3 50. Kxf5 Nd3 51. Kf6 a5 52. Kg7 Ne5 53. Nd4 Ng4 54. Kxh7 a4 55. Nc2+ Kb2 56. Nb4 a3 57. Nd3+ Kc3 58. Nc1 Kc2 59. Na2 Kb2 60. Nb4 Kb3 1/2-1/2

[Event "SLO-chT2 East"]
[Site "Slovenia"]
[Date "2015.09.19"]
[Round "2"]
[White "Ristic, Nikola"]
[Black "Keglevic, Andre"]
[Result "0-1"]
[WhiteElo "1926"]
[BlackElo "1658"]
[PlyCount "113"]
[EventDate "2015.09.05"]
[EventType "team-tourn"]
[EventRounds "9"]
[EventCountry "SLO"]
[SourceTitle "EXT 2019"]
[Source "ChessBase"]
[SourceDate "2018.10.10"]
[SourceVersion "1"]
[SourceVersionDate "2018.10.10"]
[SourceQuality "1"]
[WhiteTeam "Dravograd"]
[BlackTeam "Gornja Radgona"]
[WhiteTeamCountry "SLO"]
[BlackTeamCountry "SLO"]

1. Nf3 Nf6 2. c4 e6 3. Nc3 d5 4. d4 Nbd7 5. Bg5 Be7 6. e3 b6 7. cxd5 Nxd5 8. Bxe7 Nxe7 9. Be2 Bb7 10. Rc1 Rc8 11. 0-0 0-0 12. b4 c5 13. bxc5 bxc5 14. Qa4 Nc6 15. Rfe1 Nb6 16. Qa3 cxd4 17. Nxd4 Qe7 18. Qxe7 Nxe7 19. Ndb5 Ba6 20. Nd4 Bxe2 21. Ncxe2 Ned5 22. e4 Nb4 23. a3 Na6 24. Nb5 Rxc1 25. Rxc1 Nc8 26. f3 Rd8 27. Ned4 Nb8 28. Nc6 Nxc6 29. Rxc6 Kf8 30. Kf2 Ne7 31. Ra6 Rb8 32. a4 Nc8 33. Ke3 Rb7 34. Kd4 Ke7 35. Kc5 Kd7 36. a5 h6 37. g3 h5 38. h4 Rb8 39. Rc6 Rb7 40. a6 Rb8 41. Rc7+ Kd8 42. Rxf7 Rxb5+ 43. Kxb5 Nd6+ 44. Kc6 Nxf7 45. Kb7 Ne5 46. f4 Nf7 47. Kxa7 Kc7 48. Ka8 Nd6 49. e5 Nb5 50. f5 exf5 51. e6 Nd6 52. e7 g6 53. a7 Ne8 54. g4 hxg4 55. h5 g3 56. h6 g2 57. h7 0-1